| 000 | 00742nam a2200217 a 4500 | ||
|---|---|---|---|
| 001 | 000021871 | ||
| 005 | 20240422101417.0 | ||
| 008 | 100914t1985 dr bc 000 0 spa d | ||
| 040 |
_aDO-SdBNP _bspa _cBNPHU |
||
| 082 |
_a910.452 _bR724t |
||
| 100 | 1 |
_aRogers, Alberto _943478 |
|
| 245 | 1 | 3 |
_aLa tragedia del Memphis / _cAlberto Rogers ; prólogo César Ramos. |
| 260 |
_aSanto Domingo : _bSaladin, _c1985. |
||
| 300 |
_a91 p. : _bil., retrs. ; mapa ; _c22 cm. |
||
| 650 | 4 |
_aBarcos de guerra _945401 |
|
| 650 | 4 |
_aNaufragios _945402 |
|
| 651 | 0 |
_aRepública Dominicana -- _xHistoria -- _yOcupación norteamericana, 1916-1924 _91926 |
|
| 700 | 1 |
_aRamos, César, _epról. _913341 |
|
| 910 | _aValidado. Control de calidad EMS. | ||
| 049 | _aBNPD | ||
| 999 |
_c21369 _d21369 |
||